Bibliografía sobre la industria petrolera colombiana (Registro nro. 4133)

Detalles MARC
000 -CABECERA
Campo de control 00594nam a2200217 a 4500
005 - FECHA Y HORA DE LA ULTIMA TRANSACCION
Campo de control 20160123094825.0
008 - ELEMENTOS DE LONGITUD FIJA—INFORMACION GENERAL
Campo de control 140314b1998 ck ||||fr|||| 00| 0 spa d
040 ## - FUENTE DE CATALOGACIÓN
Agencia catalogadora original CO-BoIAVH
Agencia transcriptora CO-BoIAVH
041 ## - IDIOMA
Código de idioma para texto/pista de sonido o título separado Español
044 ## - PAÍS DE PUBLICACIÓN
País de publicación Colombia
082 #4 - NUMERO DE CLASIFICACION DECIMAL DEWEY
Número de clasificación 333.8232
Número del ítem C82b
090 ## - CLASIFICACIÓN LOCAL
Colección LB
Consecutivo 03833
110 2# - ASIENTO PRINCIPAL--NOMBRE CORPORATIVO
Unidad subordinad Corpes Orinoquia
9 (RLIN) 6860
245 1# - MENCION DE TITULO
Título Bibliografía sobre la industria petrolera colombiana
260 ## - PUBLICACION, DISTRIBUCION, ETC. (PIE DE IMPRENTA)
Lugar de publicación, distribución, etc. Villavicencio
Nombre del editor, distribuidor, etc. Corpes Orinoquia
Fecha de publicación, distribución, etc. 1998
300 ## - DESCRIPCION FISICA
Extensión 149 paginas.
650 #4 - ASIENTO SECUNDARIO DE MATERIA - TERMINO TEMATICO
Término temático o nombre geográfico como elemento de entrada Industria
9 (RLIN) 54241
650 #4 - ASIENTO SECUNDARIO DE MATERIA - TERMINO TEMATICO
Término temático o nombre geográfico como elemento de entrada Petrolera
Subdivisión de forma Colombia
9 (RLIN) 54242
942 ## - ELEMENTOS ADICIONALES (KOHA)
Tipo de ítem Libro
Sistema de clasificación Dewey Decimal Classification
Koha issues (borrowed), all copies 1
945 ## - PROCESAMIENTO LOCAL
AAAA-MM-DD - Fecha de ingreso o modificacion 2004-08-25
Existencias
Withdrawn status Lost status Sistema de Clasificación Damaged status No para préstamo Colección Inventariado Ubicación Permanente Ubicación actual Fecha de adquisición Valor Total Checkouts Número topográfico Inventario / Código de Barras Date last seen Ejemplar Price effective from Forma de adquisición Tipo de material
    Dewey Decimal Classification     General Inventariado 2017 Bogotá Bogotá 25/08/2004 39000.00   LB- 333.8232 C82b 016402 04/12/2012 Ej. 2 04/12/2012   Libro